Selección y puesta en marcha de un equipo para realizar el proceso de destilación reactiva en el Laboratorio de la Escuela de Ingeniería Química
Tallennettuna:
| Päätekijä: | |
|---|---|
| Aineistotyyppi: | Kirja |
| Julkaistu: |
San José, C.R.
2005
|
| Aiheet: | |
| Tagit: |
Lisää tagi
Ei tageja, Lisää ensimmäinen tagi!
|
MARC
| LEADER | 00000nam a2200000Ia 4500 | ||
|---|---|---|---|
| 003 | 009640 | ||
| 005 | 20221231144126.0 | ||
| 008 | 140114s2005 cr a m 000 ||s d | ||
| 040 | |c cru CEDI | ||
| 090 | |a TFG 5175 | ||
| 100 | |a Zamora Fallas, Melissa |9 5788 | ||
| 245 | |a Selección y puesta en marcha de un equipo para realizar el proceso de destilación reactiva en el Laboratorio de la Escuela de Ingeniería Química | ||
| 260 | |c 2005 |a San José, C.R. | ||
| 300 | |a xiv, 114 hojas : ilustraciones (algunas a color) | ||
| 500 | |a Proyecto de graduación (licenciatura en ingeniería química)--Universidad de Costa Rica. Facultad de Ingeniería, Escuela de Ingeniería Química | ||
| 650 | |x ESTERES |x REACCIONES QUIMICAS |x EXPERIMENTACION |x DESTILACION |x APLICACIONES INDUSTRIALES |x PRUEBAS QUIMICAS |9 5789 | ||
| 942 | |c TFG | ||
| 999 | |c 17248 |d 17248 | ||
